| 000 | 00866cab a2200265 4500 | ||
|---|---|---|---|
| 001 | WB3508-23 | ||
| 008 | 090401t1999 xxu||||| |||| 00| 0 eng d | ||
| 035 | _a(Sirsi) u91599 | ||
| 041 | _aeng | ||
| 245 | _aHousing shake-up | ||
| 260 | _c1999 | ||
| 350 | _a0 | ||
| 490 |
_aScotsman _v23 February 1999, 1&2 |
||
| 490 |
_aHerald _v23 February 1999, 1&2(3) |
||
| 520 | _aThe Housing Green Paper is published in Scotland. Included are proposals to introduce house surveys for house sellers. The RICS in Scotland urges caution over the proposals. | ||
| 650 | _aCOMMUNITY OWNERSHIP | ||
| 650 | _aPROPERTY-RESIDENTIAL PROPERTY-ACQUISITION AND DISPOSAL OF RESIDENTIAL PROPERTY | ||
| 650 | _aHOUSE SURVEYS | ||
| 650 | _aRICS IN SCOTLAND | ||
| 650 | _aSCOTLAND | ||
| 650 | _aVENDOR SURVEYS | ||
| 690 | _aHOUSING MARKET | ||
| 942 | _n0 | ||
| 948 | _c25/02/1999 | ||
| 999 |
_c58162 _d58162 |
||